Lavice nad Džbánem : workshop v Praze 6 /

Corporate Author: České vysoké učení technické v Praze. Fakulta architektury
Other Authors: Lavice nad Džbánem (workshop), Mádr, Josef, Bernatová, Iveta
Language: Czech
Published: V Praze : České vysoké učení technické, 2018
Edition: 1. vydání
Subjects:
Physical Description: 49 stran : barevné ilustrace ; 25 cm
Book
Saved in:
LEADER 02838nam a2200745 i 4500
001 nkc20183045408
003 CZ PrNK
005 20181211082237.0
007 ta
008 181012s2018 xr a e 100 0 cze
015 |a cnb003045408 
020 |a 978-80-01-06472-6  |q (brožováno) 
035 |a (OCoLC)1081364537 
040 |a BOA001  |b cze  |e rda 
043 |a e-xr---  |b e-xr-pg  |2 czenas 
045 |a y1y1 
072 7 |a 694  |x Dřevěné stavby. Tesařství. Truhlářství  |2 Konspekt  |9 19 
080 |a 37.091.31-027.22  |2 MRF 
080 |a 316.334.56  |2 MRF 
080 |a 7.038.544  |2 MRF 
080 |a 694.1  |2 MRF 
080 |a 69:005.54  |2 MRF 
080 |a (437.311)  |2 MRF 
080 |a (079)371.27  |2 MRF 
080 |a (084.12)  |2 MRF 
111 2 |a Lavice nad Džbánem (workshop)  |d (2018 :  |c Praha, Česko)  |7 mzk20181011666  |4 aut 
245 1 0 |a Lavice nad Džbánem :  |b workshop v Praze 6 /  |c autoři textů Josef Mádr, Iveta Bernatová 
250 |a 1. vydání 
264 1 |a V Praze :  |b České vysoké učení technické,  |c 2018 
300 |a 49 stran :  |b barevné ilustrace ;  |c 25 cm 
336 |a text  |b txt  |2 rdacontent 
336 |a statický obraz  |b sti  |2 rdacontent 
337 |a bez média  |b n  |2 rdamedia 
338 |a svazek  |b nc  |2 rdacarrier 
500 |a Pod názvem: Fakulta architektury ČVUT v Praze 
500 |a 100 výtisků 
610 2 7 |a České vysoké učení technické v Praze.  |b Fakulta architektury  |7 kn20010710176  |2 czenas 
611 2 7 |a Lavice nad Džbánem (workshop)  |d (2018 :  |c Praha, Česko)  |7 mzk20181011666  |2 czenas 
648 7 |a 2011-2020  |7 ch460589  |2 czenas 
648 7 |a 2018  |7 ch1095535  |2 czenas 
650 0 7 |a workshopy  |7 ph870432  |z Česko  |y 2011-2020  |2 czenas 
650 0 7 |a veřejný prostor  |7 ph883825  |z Česko  |2 czenas 
650 0 7 |a objekty (umění)  |7 ph123590  |2 czenas 
650 0 7 |a dřevěné stavby  |7 ph119753  |2 czenas 
650 0 7 |a realizace staveb  |7 ph203156  |2 czenas 
650 0 9 |a workshops  |z Czechia  |y 2011-2020  |2 eczenas 
650 0 9 |a public space  |z Czechia  |2 eczenas 
650 0 9 |a objects (art)  |2 eczenas 
650 0 9 |a wooden buildings  |2 eczenas 
650 0 9 |a buildings practice  |2 eczenas 
651 7 |a Praha 6 (Česko)  |7 ge137142  |2 czenas 
651 9 |a Prague 6 (Czechia)  |2 eczenas 
653 0 |a lavice 
655 7 |a studentské práce  |7 fd186738  |2 czenas 
655 7 |a fotografické publikace  |7 fd132276  |2 czenas 
655 9 |a student papers  |2 eczenas 
655 9 |a photographical works  |2 eczenas 
700 1 |a Mádr, Josef  |7 mzk20181011669  |4 aut 
700 1 |a Bernatová, Iveta  |4 aut 
710 2 |a České vysoké učení technické v Praze.  |b Fakulta architektury  |7 kn20010710176  |4 isb 
910 2 |a BOA001  |b 2-1414.922 
990 |a BK 
995 |a 01 
991 |b 201810  |c NOV 
996 6 |b 2610756664  |c 2-1414.922  |l MZK  |r Sklad / do 1 hodiny  |n 0  |p p.v.  |w 001690384  |u 000010  |a 1  |e BOA001  |j MZK50  |s P